| 000 | 00624nam a22001937a 4500 | ||
|---|---|---|---|
| 003 | OSt | ||
| 005 | 20231002080220.0 | ||
| 008 | 231002b |||||||| |||| 00| 0 eng d | ||
| 020 | _a11841842958 | ||
| 040 | _cDNML | ||
| 082 | _aWK 835 T98m 2003. | ||
| 100 |
_aEdited by Silink, Martin,Kida,Kaichi;Rosebloom,Arlan L; _916687 |
||
| 245 |
_aType 2 Diabetes in Childhood and Adolescence. _bA Global Perspective. _cEdited by Silink, Martin,Kida,Kaichi;Rosebloom,Arlan L; |
||
| 260 |
_aLondon; _bMartin Dunitz, _c2003. |
||
| 300 |
_aviii,263p; _bill; |
||
| 504 | _aincludes index | ||
| 650 |
_amedicine. _9324 |
||
| 942 |
_2z _cO_SHELF |
||
| 999 |
_c8171 _d8171 |
||